Oeuvres de Saint Francois de Sales: eveque de Geneve et docteur de l'Eglise

Guardat en:
Dades bibliogràfiques
Autor principal: Sales, Francois de (Autor)
Format: Llibre
Idioma:francès
Publicat: Roma J. Nierat 1892
Edició:1a. ed
Matèries:
Etiquetes: Afegir etiqueta
Sense etiquetes, Sigues el primer a etiquetar aquest registre!

MARC

LEADER 00000cam a2200000 a 4500
001 UCD2711
003 CL-VaPUC
008 160505e18920000it |||||||||||||||||fre|d
082 0 4 |a 281  |b SAL  |2 21 
100 0 |a Sales, Francois de  |e author  |9 586068 
245 1 0 |a Oeuvres de Saint Francois de Sales: eveque de Geneve et docteur de l'Eglise 
250 |a 1a. ed 
300 |a t 
942 |c BK 
945 |d 20160505 16:04:00  |a dcastane 
260 |a Roma  |b J. Nierat  |c 1892 
600 0 7 |a SAN FRANCISCO DE SALES  |2 CL-VaPUC  |9 350306 
650 7 |a IGLESIA PRIMITIVA  |2 CL-VaPUC  |9 394704 
650 0 |a Historia de la iglesia   |9 257565 
583 |a last modification  |c 20160505 16:04:00  |k Rodrigo Vera 
999 |c 363833  |d 363831 
952 |0 0  |1 0  |3 erd  |4 0  |6 281_000000000000000_SAL_1892  |7 0  |8 X  |9 476634  |a BIBTEO  |b BIBTEO  |c TEO_FFR  |h t.1  |i 5231469  |o 281 SAL 1892  |p 5231469  |r 2024-01-18  |w 2019-11-24  |y BK_X  |z Catalogado en:20160505  |k OFM 
952 |0 0  |1 0  |3 erd  |4 0  |6 281_000000000000000_SAL_1892  |7 0  |8 X  |9 476635  |a BIBTEO  |b BIBTEO  |c TEO_FFR  |h t.2  |i 5231477  |o 281 SAL 1892  |p 5231477  |r 2024-01-18  |w 2019-11-24  |y BK_X  |z Catalogado en:20160505  |k OFM 
952 |0 0  |1 0  |3 erd  |4 0  |6 281_000000000000000_SAL_1892  |7 0  |8 X  |9 476636  |a BIBTEO  |b BIBTEO  |c TEO_FFR  |h t.3  |i 5231485  |o 281 SAL 1892  |p 5231485  |r 2024-01-18  |w 2019-11-24  |y BK_X  |z Catalogado en:20160505  |k OFM 
952 |0 0  |1 0  |3 erd  |4 0  |6 281_000000000000000_SAL_1892  |7 0  |8 X  |9 476637  |a BIBTEO  |b BIBTEO  |c TEO_FFR  |h t.4  |i 5231493  |o 281 SAL 1892  |p 5231493  |r 2024-01-18  |w 2019-11-24  |y BK_X  |z Catalogado en:20160505  |k OFM 
952 |0 0  |1 0  |3 erd  |4 0  |6 281_000000000000000_SAL_1892  |7 0  |8 X  |9 476638  |a BIBTEO  |b BIBTEO  |c TEO_FFR  |h t.5  |i 5231507  |o 281 SAL 1892  |p 5231507  |r 2024-01-18  |w 2019-11-24  |y BK_X  |z Catalogado en:20160505  |k OFM 
952 |0 0  |1 0  |3 erd  |4 0  |6 281_000000000000000_SAL_1892  |7 0  |8 X  |9 476639  |a BIBTEO  |b BIBTEO  |c TEO_FFR  |h t.6  |i 5231515  |o 281 SAL 1892  |p 5231515  |r 2024-01-18  |w 2019-11-24  |y BK_X  |z Catalogado en:20160505  |k OFM 
952 |0 0  |1 0  |3 erd  |4 0  |6 281_000000000000000_SAL_1892  |7 0  |8 X  |9 476640  |a BIBTEO  |b BIBTEO  |c TEO_FFR  |h t.7  |i 5231523  |o 281 SAL 1892  |p 5231523  |r 2024-01-18  |w 2019-11-24  |y BK_X  |z Catalogado en:20160505  |k OFM 
952 |0 0  |1 0  |3 erd  |4 0  |6 281_000000000000000_SAL_1892  |7 0  |8 X  |9 476641  |a BIBTEO  |b BIBTEO  |c TEO_FFR  |h t.8  |i 5231531  |o 281 SAL 1892  |p 5231531  |r 2024-01-18  |w 2019-11-24  |y BK_X  |z Catalogado en:20160505  |k OFM 
952 |0 0  |1 0  |3 erd  |4 0  |6 281_000000000000000_SAL_1892  |7 0  |8 X  |9 476642  |a BIBTEO  |b BIBTEO  |c TEO_FFR  |h t.9  |i 523154K  |o 281 SAL 1892  |p 523154K  |r 2024-01-18  |w 2019-11-24  |y BK_X  |z Catalogado en:20160505  |k OFM 
952 |0 0  |1 0  |3 erd  |4 0  |6 281_000000000000000_SAL_1892  |7 0  |8 X  |9 476643  |a BIBTEO  |b BIBTEO  |c TEO_FFR  |h t.10  |i 5231558  |o 281 SAL 1892  |p 5231558  |r 2024-01-18  |w 2019-11-24  |y BK_X  |z Catalogado en:20160505  |k OFM 
952 |0 0  |1 0  |3 erd  |4 0  |6 281_000000000000000_SAL_1892  |7 0  |8 X  |9 476644  |a BIBTEO  |b BIBTEO  |c TEO_FFR  |h t.11  |i 5231566  |o 281 SAL 1892  |p 5231566  |r 2024-01-18  |w 2019-11-24  |y BK_X  |z Catalogado en:20160505  |k OFM 
952 |0 0  |1 0  |3 erd  |4 0  |6 281_000000000000000_SAL_1892  |7 0  |8 X  |9 476645  |a BIBTEO  |b BIBTEO  |c TEO_FFR  |h t.12  |i 5231574  |o 281 SAL 1892  |p 5231574  |r 2024-01-18  |w 2019-11-24  |y BK_X  |z Catalogado en:20160505  |k OFM 
952 |0 0  |1 0  |3 erd  |4 0  |6 281_000000000000000_SAL_1892  |7 0  |8 X  |9 476646  |a BIBTEO  |b BIBTEO  |c TEO_FFR  |h t.13  |i 5231582  |o 281 SAL 1892  |p 5231582  |r 2024-01-18  |w 2019-11-24  |y BK_X  |z Catalogado en:20160505  |k OFM 
952 |0 0  |1 0  |3 erd  |4 0  |6 281_000000000000000_SAL_1892  |7 0  |8 X  |9 476647  |a BIBTEO  |b BIBTEO  |c TEO_FFR  |h t.14  |i 5231590  |o 281 SAL 1892  |p 5231590  |r 2024-01-18  |w 2019-11-24  |y BK_X  |z Catalogado en:20160505  |k OFM 
952 |0 0  |1 0  |3 erd  |4 0  |6 281_000000000000000_SAL_1892  |7 0  |8 X  |9 476648  |a BIBTEO  |b BIBTEO  |c TEO_FFR  |h t.15  |i 5231604  |o 281 SAL 1892  |p 5231604  |r 2024-01-18  |w 2019-11-24  |y BK_X  |z Catalogado en:20160505  |k OFM